Hodnotenie úrovne logistiky vo vybranom podniku diplomová práca

Na minha lista:
Detalhes bibliográficos
Autor principal: Lohinská, Lucia
Autor Corporativo: Podnikovohospodárska fakulta EU so sídlom v Košiciach. Katedra obchodného podnikania
Outros Autores: Gajdoš, Jozef, 1962-2025
Formato: Livro
Idioma:eslovaco
Publicado em: Košice 2017
Tags: Adicionar Tag
Sem tags, seja o primeiro a adicionar uma tag!

MARC

LEADER 00000nbm a2200000 4500
001 0235284
005 20171121130109.2
041 0 |a slo 
044 |a SK 
245 1 0 |a Hodnotenie úrovne logistiky vo vybranom podniku  |b diplomová práca  |c Lucia Lohinská ; školiteľ: Jozef Gajdoš 
264 1 |a Košice  |c 2017 
300 |a 70 s. 
100 1 |a Lohinská, Lucia 
700 1 |a Gajdoš, Jozef, 1962-2025 
710 2 |a Podnikovohospodárska fakulta EU so sídlom v Košiciach. Katedra obchodného podnikania